Avatar: The Last Airbender Characters - Statistics

General Stats
  • This quiz has been taken 259 times
  • The average score is 46 of 68
Answer Stats
Clue Character % Correct
Current Avatar and the Last Airbender Aang
100%
Feamle Waterbender on team Avatar Katara
99%
Male Memeber of Team Avatar of the Southern Water Tribe Sokka
99%
The Banished Prince Zuko
99%
The Blind Bandit Toph
98%
Main Character's Flying Bison Appa
97%
Cold, Calculating Fire Princess Azula
97%
Main Character's Winged Lemur Momo
97%
The Dragon of the West Iroh
96%
Last Fire Nation Avatar before Aang Roku
94%
Leader of the Kyoshi Warriors Suki
92%
Toph's Earthbending teacher Yu
92%
Crazy Earthbending King King Bumi
91%
Last Earth Kingdom Avatar before Aang Kyoshi
90%
Cheerful and energetic Fire Nation Girl Ty Lee
90%
Evil tyrannical Fire Lord Ozai
88%
Princess of the Northern Water Tribe Yue
87%
Leader of the Freedom Fighters Jet
86%
Impassive bored young Fire Nation Lady Mai
86%
Fire Lord Who Started the War Sozin
84%
The Waterbending Master and member of the White Lotus Pakku
81%
Arrogant Moonslaying Fire Nation Admiral Zhao
79%
Fire Lord before Ozai Azulon
78%
Aang's Guardian and surrogate father Gyatso
77%
Founder of Bloodbending Hama
77%
Sokka and Katara's Grandmother Kanna/Gran Gran
77%
Zuko's Mother Ursa
76%
Face Stealing Spirit Koh
75%
Founder of Omashu Oma
75%
Sokka and Katara's father Hakoda
74%
Assassin hired by Zuko to kill Aang Combustion Man
73%
Above's lover Shu
73%
Earth Kingdom boy who was sent to the same prison as his father Haru
71%
Silent Freedom Fighter Longshot
71%
Young Feamle Freedom Fighter Smellerbee
71%
Last Water Tribe Avatar before Aang Kuruk
68%
Last Air Nomad Avatar before Aang Yangchen
68%
Evil Grand Secretariat of Ba Sing Se Long Feng
67%
Sokka and Katara's Mother Kya
66%
Youngest and Smallest Freedom Fighter The Duke
66%
Largest and Strogest Freedom Fighter Pipsqueak
65%
Sokka and Katara's fathers friend Bato
64%
Effective Bounty Hunter June
63%
The Ocean Spirit La
63%
Sokka's Swordsmanship Master Piandao
60%
Earthbending Prizefighter The Boulder
60%
Iroh's deceased son Lu Ten
59%
The Deserter Jeong Jeong
57%
Brainwashed Women of Ba SIng Se Joo Dee
55%
Owl Spirit who knows 10,000 things Wan Shi Tong
55%
Black and White Forest Spirit Hei Bai
54%
Kind hearted boy who lives at the Northern Air Temple Teo
52%
The Moon Spirirt Tui
51%
Ancient civilization of Firebenders Sun Warriors
50%
Above Dragon Pet Fang
49%
Fortuneteller Aunt Wu
48%
MY CABBAGES! Cabbage Man
43%
Brilliant, eccentric inventor The Mechanist
43%
Acting Troupe on Ember Island Ember Island Players
42%
Above's Pet Nyla
38%
Leader of the Earth Kingdom Earth King
37%
One of the original firebenders Ran
37%
One of the original firebenders Shaw
31%
Promoter of Earthbending Prizefighting Ring Xin Fu
27%
Chief of the Northern Water Tribe Chief Arnook
23%
Group of Ba Sing Se corrupt Police Da Li
8%
The Country like folk of the swamp Foggy Swamp Tribe
7%
Earthbending tribes who specialize in sand Sandbender Tribes
4%
No matching quizzes found
Score Distribution
Percent of People with Each Score
Percentile by Number Answered
Your Score History
You have not taken this quiz